[Event "45th FIDE Chess Olympiad Open"]
[Site "Budapest, Hungary"]
[Date "2024.09.21"]
[Round "10"]
[White "Nisipeanu, Liviu-Dieter"]
[Black "Idani, Pouya"]
[Result "1/2-1/2"]
[Board "28"]
[WhiteFideId "1202758"]
[BlackFideId "12510130"]
[WhiteTitle "GM"]
[BlackTitle "GM"]
[WhiteElo "2580"]
[BlackElo "2599"]
[WhiteTeam "Romania"]
[BlackTeam "Iran"]
[WhiteClock "0:18:14"]
[BlackClock "0:26:43"]
[Variant "Standard"]

1. d4 {[%clk 1:30:57]}  Nf6 {[%clk 1:30:55]} 2. c4 {[%clk 1:31:22]}  e6 {[%clk 1:31:22]} 3. Nc3 {[%clk 1:31:45]}  Bb4 {[%clk 1:31:49]} 4. e3 {[%clk 1:32:09]}  O-O {[%clk 1:32:13]} 5. Bd3 {[%clk 1:32:34]}  d5 {[%clk 1:32:39]} 6. Nf3 {[%clk 1:32:56]}  dxc4 {[%clk 1:32:55]} 7. Bxc4 {[%clk 1:33:20]}  c5 {[%clk 1:33:22]} 8. O-O {[%clk 1:33:42]}  Nc6 {[%clk 1:32:26]} 9. a3 {[%clk 1:33:38]}  Ba5 {[%clk 1:32:47]} 10. Bd3 {[%clk 1:33:50]}  h6 {[%clk 1:31:37]} 11. dxc5 {[%clk 1:33:04]}  Bxc3 {[%clk 1:32:01]} 12. bxc3 {[%clk 1:33:29]}  Qe7 {[%clk 1:28:56]} 13. Qc2 {[%clk 1:27:58]}  e5 {[%clk 1:22:33]} 14. e4 {[%clk 1:19:40]}  Rd8 {[%clk 1:20:26]} 15. a4 {[%clk 1:13:32]}  Qxc5 {[%clk 1:13:54]} 16. Ba3 {[%clk 1:03:36]}  Qa5 {[%clk 1:10:53]} 17. Bc4 {[%clk 0:43:55]}  Qc7 {[%clk 1:09:34]} 18. Nh4 {[%clk 0:44:18]}  Na5 {[%clk 1:03:36]} 19. Ba2 {[%clk 0:44:40]}  Be6 {[%clk 1:03:07]} 20. Bxe6 {[%clk 0:42:11]}  fxe6 {[%clk 1:03:30]} 21. Nf3 {[%clk 0:33:13]}  Nc4 {[%clk 1:02:00]} 22. Bc1 {[%clk 0:33:37]}  Rac8 {[%clk 0:56:05]} 23. Nd2 {[%clk 0:32:49]}  Na5 {[%clk 0:46:37]} 24. Nb3 {[%clk 0:27:38]}  Nxb3 {[%clk 0:45:25]} 25. Qxb3 {[%clk 0:28:04]}  Rd6 {[%clk 0:41:51]} 26. f3 {[%clk 0:23:38]}  Rb6 {[%clk 0:35:20]} 27. Qa3 {[%clk 0:16:05]}  Qxc3 {[%clk 0:35:18]} 28. Qxc3 {[%clk 0:16:31]}  Rxc3 {[%clk 0:35:42]} 29. Rf2 {[%clk 0:16:58]}  Nd7 {[%clk 0:29:23]} 30. Bb2 {[%clk 0:15:06]}  Rcb3 {[%clk 0:28:34]} 31. Rd1 {[%clk 0:13:26]}  Nc5 {[%clk 0:27:10]} 32. Ba1 {[%clk 0:11:17]}  Rd3 {[%clk 0:18:33]} 33. Rff1 {[%clk 0:08:28]}  Rbd6 {[%clk 0:17:25]} 34. Rc1 {[%clk 0:06:48]}  Nxa4 {[%clk 0:17:41]} 35. Bxe5 {[%clk 0:07:13]}  Rd7 {[%clk 0:18:06]} 36. Ra1 {[%clk 0:03:00]}  b5 {[%clk 0:18:25]} 37. Rfb1 {[%clk 0:03:25]}  a6 {[%clk 0:16:45]} 38. Rc1 {[%clk 0:03:53]}  Kf7 {[%clk 0:07:35]} 39. h4 {[%clk 0:03:27]}  h5 {[%clk 0:06:32]} 40. Kh2 {[%clk 0:03:26]}  Rb7 {[%clk 0:02:17]} 41. Rc6 {[%clk 0:01:16]}  Rdd7 {[%clk 0:01:00]} 42. Rxa6 {[%clk 0:20:53]}  Nc5 {[%clk 0:31:13]} 43. Rc6 {[%clk 0:19:46]}  Nd3 {[%clk 0:31:38]} 44. Bd6 {[%clk 0:20:11]}  b4 {[%clk 0:28:10]} 45. Rb1 {[%clk 0:17:45]}  b3 {[%clk 0:27:54]} 46. e5 {[%clk 0:18:07]}  Rb5 {[%clk 0:26:43]} 47. Rc3 {[%clk 0:18:14]} 1/2-1/2

[Event "45th FIDE Chess Olympiad Open"]
[Site "Budapest, Hungary"]
[Date "2024.09.21"]
[Round "10"]
[White "Duda, Jan-Krzysztof"]
[Black "Yilmaz, Mustafa"]
[Result "1-0"]
[Board "29"]
[WhiteFideId "1170546"]
[BlackFideId "6302718"]
[WhiteTitle "GM"]
[BlackTitle "GM"]
[WhiteElo "2732"]
[BlackElo "2587"]
[WhiteTeam "Poland"]
[BlackTeam "Turkiye"]
[WhiteClock "0:04:46"]
[BlackClock "0:00:35"]
[Variant "Standard"]

1. e4 {[%clk 1:30:55]}  e5 {[%clk 1:30:56]} 2. Nf3 {[%clk 1:31:18]}  Nc6 {[%clk 1:31:21]} 3. Bb5 {[%clk 1:31:37]}  a6 {[%clk 1:31:33]} 4. Ba4 {[%clk 1:32:01]}  Nf6 {[%clk 1:31:52]} 5. O-O {[%clk 1:32:23]}  Be7 {[%clk 1:31:50]} 6. Bxc6 {[%clk 1:29:25]}  dxc6 {[%clk 1:31:12]} 7. d3 {[%clk 1:29:49]}  Bd6 {[%clk 1:27:08]} 8. Bg5 {[%clk 1:26:52]}  h6 {[%clk 1:17:39]} 9. Bh4 {[%clk 1:24:48]}  g5 {[%clk 1:02:44]} 10. Bg3 {[%clk 1:25:10]}  Bg4 {[%clk 1:02:51]} 11. h3 {[%clk 1:12:29]}  Bh5 {[%clk 1:01:27]} 12. Nbd2 {[%clk 1:12:53]}  Nd7 {[%clk 0:59:39]} 13. c3 {[%clk 1:10:51]}  Qe7 {[%clk 0:55:59]} 14. b4 {[%clk 1:07:06]}  Qe6 {[%clk 0:38:21]} 15. Re1 {[%clk 1:00:18]}  O-O-O {[%clk 0:31:13]} 16. a4 {[%clk 0:59:41]}  f5 {[%clk 0:30:22]} 17. exf5 {[%clk 0:58:42]}  Qxf5 {[%clk 0:30:44]} 18. b5 {[%clk 0:51:32]}  Nc5 {[%clk 0:22:14]} 19. bxc6 {[%clk 0:48:04]}  Nxd3 {[%clk 0:21:51]} 20. Qb1 {[%clk 0:45:27]}  bxc6 {[%clk 0:21:16]} 21. Ne4 {[%clk 0:38:57]}  Bxf3 {[%clk 0:20:57]} 22. Qxd3 {[%clk 0:39:12]}  Bxe4 {[%clk 0:21:23]} 23. Rxe4 {[%clk 0:39:35]}  a5 {[%clk 0:19:28]} 24. Rd1 {[%clk 0:32:18]}  Kd7 {[%clk 0:13:36]} 25. c4 {[%clk 0:24:57]}  c5 {[%clk 0:12:59]} 26. Qd5 {[%clk 0:24:35]}  Rhe8 {[%clk 0:11:53]} 27. Bxe5 {[%clk 0:19:29]}  Re6 {[%clk 0:09:59]} 28. g4 {[%clk 0:09:50]}  Qg6 {[%clk 0:05:46]} 29. Ree1 {[%clk 0:09:51]}  Rde8 {[%clk 0:02:42]} 30. Kg2 {[%clk 0:08:49]}  Kc8 {[%clk 0:02:08]} 31. Bc3 {[%clk 0:09:14]}  Rxe1 {[%clk 0:00:41]} 32. Rxe1 {[%clk 0:09:34]}  Rxe1 {[%clk 0:00:32]} 33. Bxe1 {[%clk 0:09:59]}  Kb8 {[%clk 0:00:32]} 34. Bxa5 {[%clk 0:06:11]}  Qc2 {[%clk 0:00:37]} 35. Bd2 {[%clk 0:06:09]}  Qxa4 {[%clk 0:01:01]} 36. Be3 {[%clk 0:06:02]}  Qc2 {[%clk 0:00:36]} 37. Qe6 {[%clk 0:04:32]}  Kb7 {[%clk 0:00:42]} 38. h4 {[%clk 0:04:40]}  gxh4 {[%clk 0:00:48]} 39. Kh3 {[%clk 0:05:07]}  Qb1 {[%clk 0:00:34]} 40. Qd5+ {[%clk 0:05:18]}  Kb6 {[%clk 0:00:40]} 41. Kxh4 {[%clk 0:04:58]}  Qg6 {[%clk 0:24:38]} 42. Kh3 {[%clk 0:22:06]}  Be7 {[%clk 0:19:34]} 43. Qa8 {[%clk 0:20:28]}  Qd6 {[%clk 0:08:57]} 44. Qb8+ {[%clk 0:18:24]}  Ka6 {[%clk 0:09:17]} 45. Qa8+ {[%clk 0:15:23]}  Kb6 {[%clk 0:09:46]} 46. Qh8 {[%clk 0:15:21]}  Bf8 {[%clk 0:07:52]} 47. Qb2+ {[%clk 0:15:09]}  Ka7 {[%clk 0:07:25]} 48. Qa2+ {[%clk 0:14:45]}  Kb7 {[%clk 0:07:40]} 49. Qb1+ {[%clk 0:15:10]}  Ka6 {[%clk 0:07:19]} 50. Qb5+ {[%clk 0:14:35]}  Ka7 {[%clk 0:07:48]} 51. Kg2 {[%clk 0:14:57]}  Qe5 {[%clk 0:07:10]} 52. Qa4+ {[%clk 0:14:03]}  Kb7 {[%clk 0:07:25]} 53. Qb3+ {[%clk 0:14:26]}  Kc8 {[%clk 0:03:57]} 54. Qd3 {[%clk 0:14:26]}  h5 {[%clk 0:02:47]} 55. g5 {[%clk 0:11:47]}  Bd6 {[%clk 0:01:31]} 56. Kf3 {[%clk 0:11:48]}  h4 {[%clk 0:01:01]} 57. Qh7 {[%clk 0:09:50]}  Qh2 {[%clk 0:01:14]} 58. Ke2 {[%clk 0:07:30]}  Qh3 {[%clk 0:01:05]} 59. Qe4 {[%clk 0:07:37]}  Kd7 {[%clk 0:00:45]} 60. Kd2 {[%clk 0:07:40]}  Be7 {[%clk 0:00:40]} 61. Qd5+ {[%clk 0:07:55]}  Kc8 {[%clk 0:00:33]} 62. g6 {[%clk 0:07:46]}  Qg4 {[%clk 0:00:36]} 63. Qf7 {[%clk 0:05:03]}  Qd7+ {[%clk 0:00:36]} 64. Ke1 {[%clk 0:05:23]}  Qd3 {[%clk 0:00:36]} 65. g7 {[%clk 0:03:41]}  Qb1+ {[%clk 0:00:41]} 66. Ke2 {[%clk 0:04:07]}  Qc2+ {[%clk 0:01:07]} 67. Kf3 {[%clk 0:04:18]}  Qd1+ {[%clk 0:01:17]} 68. Kf4 {[%clk 0:04:26]}  Bd6+ {[%clk 0:00:35]} 69. Kg5 {[%clk 0:04:46]} 1-0

[Event "45th FIDE Chess Olympiad Open"]
[Site "Budapest, Hungary"]
[Date "2024.09.21"]
[Round "10"]
[White "Gurel, Ediz"]
[Black "Wojtaszek, Radoslaw"]
[Result "1/2-1/2"]
[Board "30"]
[WhiteFideId "44507356"]
[BlackFideId "1118358"]
[WhiteTitle "GM"]
[BlackTitle "GM"]
[WhiteElo "2602"]
[BlackElo "2681"]
[WhiteTeam "Turkiye"]
[BlackTeam "Poland"]
[WhiteClock "0:30:15"]
[BlackClock "0:46:15"]
[Variant "Standard"]

1. e4 {[%clk 1:30:49]}  e5 {[%clk 1:30:56]} 2. Nf3 {[%clk 1:31:10]}  Nc6 {[%clk 1:31:23]} 3. Bb5 {[%clk 1:31:30]}  a6 {[%clk 1:31:48]} 4. Ba4 {[%clk 1:31:56]}  Nf6 {[%clk 1:32:13]} 5. O-O {[%clk 1:32:20]}  Be7 {[%clk 1:32:39]} 6. d3 {[%clk 1:32:40]}  b5 {[%clk 1:33:00]} 7. Bb3 {[%clk 1:33:05]}  d6 {[%clk 1:33:22]} 8. a3 {[%clk 1:33:26]}  a5 {[%clk 1:33:42]} 9. Nc3 {[%clk 1:27:20]}  a4 {[%clk 1:34:07]} 10. Ba2 {[%clk 1:26:20]}  Rb8 {[%clk 1:34:31]} 11. Be3 {[%clk 1:25:13]}  O-O {[%clk 1:34:54]} 12. h3 {[%clk 1:24:29]}  Bd7 {[%clk 1:35:08]} 13. Nd5 {[%clk 1:21:49]}  Nxd5 {[%clk 1:35:22]} 14. Bxd5 {[%clk 1:21:52]}  Bf6 {[%clk 1:30:49]} 15. Re1 {[%clk 1:17:43]}  Ne7 {[%clk 1:27:29]} 16. Ba2 {[%clk 1:17:33]}  c5 {[%clk 1:27:47]} 17. c3 {[%clk 1:14:51]}  Ng6 {[%clk 1:16:22]} 18. Nh2 {[%clk 1:05:09]}  Bg5 {[%clk 1:13:47]} 19. Nf3 {[%clk 1:01:29]}  Bxe3 {[%clk 1:12:01]} 20. Rxe3 {[%clk 1:01:55]}  Qf6 {[%clk 1:09:44]} 21. Qd2 {[%clk 0:51:22]}  Nf4 {[%clk 1:08:22]} 22. Kh2 {[%clk 0:51:09]}  Qg6 {[%clk 0:59:39]} 23. Ne1 {[%clk 0:50:45]}  Kh8 {[%clk 0:58:34]} 24. Rd1 {[%clk 0:45:55]}  Ne6 {[%clk 0:46:08]} 25. Nf3 {[%clk 0:44:06]}  Nf4 {[%clk 0:45:45]} 26. Ne1 {[%clk 0:44:09]}  Ne6 {[%clk 0:46:06]} 27. Nf3 {[%clk 0:29:53]}  Nf4 {[%clk 0:46:15]} 28. Ne1 {[%clk 0:30:15]} 1/2-1/2

[Event "45th FIDE Chess Olympiad Open"]
[Site "Budapest, Hungary"]
[Date "2024.09.21"]
[Round "10"]
[White "Piorun, Kacper"]
[Black "Erdogmus, Yagiz Kaan"]
[Result "0-1"]
[Board "31"]
[WhiteFideId "1130420"]
[BlackFideId "44599790"]
[WhiteTitle "GM"]
[BlackTitle "GM"]
[WhiteElo "2599"]
[BlackElo "2592"]
[WhiteTeam "Poland"]
[BlackTeam "Turkiye"]
[WhiteClock "0:35:09"]
[BlackClock "0:19:05"]
[Variant "Standard"]

1. Nf3 {[%clk 1:30:53]}  d5 {[%clk 1:30:38]} 2. g3 {[%clk 1:30:59]}  Nf6 {[%clk 1:31:04]} 3. Bg2 {[%clk 1:31:22]}  e6 {[%clk 1:31:31]} 4. O-O {[%clk 1:31:34]}  Be7 {[%clk 1:31:57]} 5. c4 {[%clk 1:31:36]}  O-O {[%clk 1:32:21]} 6. d4 {[%clk 1:31:58]}  c6 {[%clk 1:32:38]} 7. Nc3 {[%clk 1:32:03]}  a5 {[%clk 1:32:38]} 8. b3 {[%clk 1:32:17]}  b6 {[%clk 1:27:17]} 9. Bb2 {[%clk 1:32:27]}  Ba6 {[%clk 1:22:47]} 10. Nd2 {[%clk 1:32:50]}  b5 {[%clk 1:12:07]} 11. c5 {[%clk 1:32:13]}  Nbd7 {[%clk 1:07:07]} 12. Re1 {[%clk 1:25:50]}  e5 {[%clk 1:03:04]} 13. e3 {[%clk 1:21:09]}  b4 {[%clk 1:02:09]} 14. Na4 {[%clk 1:21:25]}  e4 {[%clk 0:59:22]} 15. f3 {[%clk 1:17:17]}  exf3 {[%clk 0:44:54]} 16. Qxf3 {[%clk 1:17:32]}  Bd3 {[%clk 0:45:00]} 17. Qf4 {[%clk 1:10:18]}  Re8 {[%clk 0:36:01]} 18. a3 {[%clk 1:01:37]}  h5 {[%clk 0:31:12]} 19. axb4 {[%clk 0:54:58]}  axb4 {[%clk 0:24:36]} 20. e4 {[%clk 0:53:25]}  dxe4 {[%clk 0:23:17]} 21. Nxe4 {[%clk 0:52:48]}  Nxe4 {[%clk 0:22:41]} 22. Bxe4 {[%clk 0:52:23]}  Bg5 {[%clk 0:22:20]} 23. Qf3 {[%clk 0:48:07]}  Bxe4 {[%clk 0:18:39]} 24. Rxe4 {[%clk 0:48:33]}  Nf6 {[%clk 0:17:48]} 25. Rxe8+ {[%clk 0:44:07]}  Qxe8 {[%clk 0:18:16]} 26. Rf1 {[%clk 0:44:15]}  Be3+ {[%clk 0:12:07]} 27. Kh1 {[%clk 0:42:11]}  Qe6 {[%clk 0:12:03]} 28. Nb6 {[%clk 0:40:06]}  Ra2 {[%clk 0:11:16]} 29. Nc4 {[%clk 0:39:39]}  Qh3 {[%clk 0:08:11]} 30. Ra1 {[%clk 0:29:53]}  Ng4 {[%clk 0:05:18]} 31. Qg2 {[%clk 0:30:19]}  Nf2+ {[%clk 0:03:51]} 32. Kg1 {[%clk 0:30:46]}  Ne4+ {[%clk 0:02:34]} 33. Nxe3 {[%clk 0:29:29]}  Qxg2+ {[%clk 0:03:00]} 34. Kxg2 {[%clk 0:17:59]}  Rxb2+ {[%clk 0:03:29]} 35. Kf3 {[%clk 0:17:03]}  Nd2+ {[%clk 0:01:12]} 36. Kf4 {[%clk 0:17:27]}  Rxb3 {[%clk 0:01:39]} 37. Ra8+ {[%clk 0:14:53]}  Kh7 {[%clk 0:02:08]} 38. d5 {[%clk 0:15:01]}  g5+ {[%clk 0:01:37]} 39. Kf5 {[%clk 0:06:27]}  Rxe3 {[%clk 0:02:02]} 40. dxc6 {[%clk 0:06:53]}  Rc3 {[%clk 0:01:20]} 41. Ra5 {[%clk 0:06:44]}  b3 {[%clk 0:27:49]} 42. Rb5 {[%clk 0:35:05]}  b2 {[%clk 0:27:23]} 43. Rxb2 {[%clk 0:35:27]}  Rxc5+ {[%clk 0:27:47]} 44. Kf6 {[%clk 0:35:51]}  Rxc6+ {[%clk 0:20:13]} 45. Kxg5 {[%clk 0:36:15]}  Nf3+ {[%clk 0:20:22]} 46. Kf5 {[%clk 0:36:25]}  Kg7 {[%clk 0:20:31]} 47. h4 {[%clk 0:35:03]}  Rg6 {[%clk 0:18:47]} 48. Kf4 {[%clk 0:35:09]}  Nd4 {[%clk 0:19:05]} 0-1

[Event "45th FIDE Chess Olympiad Open"]
[Site "Budapest, Hungary"]
[Date "2024.09.21"]
[Round "10"]
[White "Can, Emre"]
[Black "Gumularz, Szymon"]
[Result "1/2-1/2"]
[Board "32"]
[WhiteFideId "6302181"]
[BlackFideId "1188062"]
[WhiteTitle "GM"]
[BlackTitle "GM"]
[WhiteElo "2547"]
[BlackElo "2571"]
[WhiteTeam "Turkiye"]
[BlackTeam "Poland"]
[WhiteClock "0:13:41"]
[BlackClock "0:06:29"]
[Variant "Standard"]

1. e4 {[%clk 1:30:54]}  c6 {[%clk 1:30:55]} 2. d4 {[%clk 1:31:04]}  d5 {[%clk 1:31:20]} 3. e5 {[%clk 1:31:27]}  Bf5 {[%clk 1:31:44]} 4. Nf3 {[%clk 1:31:17]}  e6 {[%clk 1:32:05]} 5. Be2 {[%clk 1:31:35]}  a6 {[%clk 1:32:01]} 6. O-O {[%clk 1:30:28]}  Bg6 {[%clk 1:32:23]} 7. c3 {[%clk 1:24:09]}  c5 {[%clk 1:32:41]} 8. Na3 {[%clk 1:11:34]}  Nc6 {[%clk 1:14:00]} 9. dxc5 {[%clk 1:11:54]}  Bxc5 {[%clk 1:13:48]} 10. b4 {[%clk 1:12:14]}  Ba7 {[%clk 1:08:29]} 11. b5 {[%clk 1:09:04]}  axb5 {[%clk 1:08:09]} 12. Nxb5 {[%clk 1:09:27]}  Bb8 {[%clk 1:08:32]} 13. Bf4 {[%clk 1:05:06]}  Nf6 {[%clk 1:03:30]} 14. c4 {[%clk 0:40:51]}  O-O {[%clk 0:49:21]} 15. exf6 {[%clk 0:40:19]}  Bxf4 {[%clk 0:48:19]} 16. fxg7 {[%clk 0:40:05]}  Kxg7 {[%clk 0:48:17]} 17. g3 {[%clk 0:36:48]}  Bh6 {[%clk 0:47:36]} 18. cxd5 {[%clk 0:35:49]}  Qxd5 {[%clk 0:46:50]} 19. Qxd5 {[%clk 0:29:59]}  exd5 {[%clk 0:47:17]} 20. Nd6 {[%clk 0:25:20]}  Kg8 {[%clk 0:33:56]} 21. a4 {[%clk 0:19:01]}  b6 {[%clk 0:20:10]} 22. Rad1 {[%clk 0:13:55]}  Ne7 {[%clk 0:19:19]} 23. Bb5 {[%clk 0:12:44]}  Rfd8 {[%clk 0:14:50]} 24. Nb7 {[%clk 0:13:05]}  Rdb8 {[%clk 0:14:41]} 25. Nd6 {[%clk 0:13:20]}  Rd8 {[%clk 0:06:55]} 26. Nb7 {[%clk 0:13:20]}  Rdb8 {[%clk 0:07:23]} 27. Nd6 {[%clk 0:13:41]}  Rd8 {[%clk 0:06:29]} 1/2-1/2

[Event "45th FIDE Chess Olympiad Open"]
[Site "Budapest, Hungary"]
[Date "2024.09.21"]
[Round "10"]
[White "Le, Quang Liem"]
[Black "Anton Guijarro, David"]
[Result "0-1"]
[Board "33"]
[WhiteFideId "12401137"]
[BlackFideId "2285525"]
[WhiteTitle "GM"]
[BlackTitle "GM"]
[WhiteElo "2741"]
[BlackElo "2665"]
[WhiteTeam "Vietnam"]
[BlackTeam "Spain"]
[WhiteClock "0:00:47"]
[BlackClock "0:02:35"]
[Variant "Standard"]

1. Nf3 {[%clk 1:30:56]}  c5 {[%clk 1:30:13]} 2. c4 {[%clk 1:29:59]}  g6 {[%clk 1:30:00]} 3. d4 {[%clk 1:30:00]}  cxd4 {[%clk 1:30:18]} 4. Nxd4 {[%clk 1:29:58]}  Nc6 {[%clk 1:30:21]} 5. e4 {[%clk 1:26:49]}  Nf6 {[%clk 1:30:26]} 6. Nc3 {[%clk 1:27:09]}  d6 {[%clk 1:30:42]} 7. Nc2 {[%clk 1:26:30]}  Bg7 {[%clk 1:28:33]} 8. Be2 {[%clk 1:26:51]}  Nd7 {[%clk 1:27:47]} 9. Bd2 {[%clk 1:26:05]}  O-O {[%clk 1:27:34]} 10. O-O {[%clk 1:26:26]}  Bxc3 {[%clk 1:26:57]} 11. Bxc3 {[%clk 1:26:45]}  Nc5 {[%clk 1:27:23]} 12. b4 {[%clk 1:21:58]}  Nxe4 {[%clk 1:27:44]} 13. Bb2 {[%clk 1:22:23]}  e5 {[%clk 1:27:33]} 14. a3 {[%clk 1:19:34]}  Be6 {[%clk 0:55:22]} 15. Ne3 {[%clk 1:14:33]}  f5 {[%clk 0:53:12]} 16. Qd3 {[%clk 1:12:30]}  a5 {[%clk 0:46:25]} 17. f3 {[%clk 1:04:34]}  Ng5 {[%clk 0:46:30]} 18. b5 {[%clk 1:03:42]}  Ne7 {[%clk 0:46:07]} 19. c5 {[%clk 0:54:14]}  dxc5 {[%clk 0:45:22]} 20. Qc3 {[%clk 0:54:23]}  Nf7 {[%clk 0:40:48]} 21. Rad1 {[%clk 0:54:30]}  Qc7 {[%clk 0:33:35]} 22. f4 {[%clk 0:42:00]}  Rad8 {[%clk 0:26:18]} 23. fxe5 {[%clk 0:42:05]}  Ng5 {[%clk 0:26:24]} 24. Bc4 {[%clk 0:42:26]}  Rd4 {[%clk 0:21:13]} 25. Qb3 {[%clk 0:35:32]}  Rxc4 {[%clk 0:17:14]} 26. Nxc4 {[%clk 0:35:54]}  Nd5 {[%clk 0:10:32]} 27. b6 {[%clk 0:35:51]}  Qe7 {[%clk 0:09:45]} 28. Nd6 {[%clk 0:31:12]}  c4 {[%clk 0:10:01]} 29. Qxc4 {[%clk 0:30:35]}  Ne3 {[%clk 0:10:03]} 30. Qc7 {[%clk 0:30:47]}  Nh3+ {[%clk 0:10:02]} 31. gxh3 {[%clk 0:19:46]}  Qg5+ {[%clk 0:10:24]} 32. Kf2 {[%clk 0:20:11]}  f4 {[%clk 0:09:33]} 33. Ke2 {[%clk 0:05:44]}  f3+ {[%clk 0:08:20]} 34. Kd3 {[%clk 0:05:58]}  Nxf1 {[%clk 0:07:28]} 35. Bd4 {[%clk 0:04:51]}  Qg2 {[%clk 0:04:56]} 36. Kc3 {[%clk 0:02:45]}  f2 {[%clk 0:03:21]} 37. Qe7 {[%clk 0:00:49]}  Qxh3+ {[%clk 0:02:42]} 38. Rd3 {[%clk 0:00:56]}  Ne3 {[%clk 0:02:40]} 39. Bxe3 {[%clk 0:00:47]}  f1=Q {[%clk 0:02:35]} 0-1

[Event "45th FIDE Chess Olympiad Open"]
[Site "Budapest, Hungary"]
[Date "2024.09.21"]
[Round "10"]
[White "Vallejo Pons, Francisco"]
[Black "Nguyen, Ngoc Truong Son"]
[Result "1/2-1/2"]
[Board "34"]
[WhiteFideId "2205530"]
[BlackFideId "12401110"]
[WhiteTitle "GM"]
[BlackTitle "GM"]
[WhiteElo "2657"]
[BlackElo "2633"]
[WhiteTeam "Spain"]
[BlackTeam "Vietnam"]
[WhiteClock "0:18:11"]
[BlackClock "0:41:15"]
[Variant "Standard"]

1. Nf3 {[%clk 1:30:53]}  d5 {[%clk 1:30:01]} 2. g3 {[%clk 1:31:14]}  g6 {[%clk 1:29:34]} 3. Bg2 {[%clk 1:28:37]}  Bg7 {[%clk 1:29:51]} 4. d4 {[%clk 1:28:49]}  Nf6 {[%clk 1:29:42]} 5. O-O {[%clk 1:26:18]}  O-O {[%clk 1:29:16]} 6. c3 {[%clk 1:26:14]}  c6 {[%clk 1:28:53]} 7. Nbd2 {[%clk 1:20:55]}  Bf5 {[%clk 1:24:16]} 8. Nh4 {[%clk 1:12:57]}  Be6 {[%clk 1:23:16]} 9. Re1 {[%clk 1:05:33]}  Nbd7 {[%clk 1:22:33]} 10. e4 {[%clk 1:03:34]}  dxe4 {[%clk 1:18:55]} 11. Nxe4 {[%clk 1:03:55]}  Bd5 {[%clk 1:15:51]} 12. Nxf6+ {[%clk 0:58:56]}  exf6 {[%clk 1:15:30]} 13. Bxd5 {[%clk 0:57:14]}  cxd5 {[%clk 1:15:53]} 14. Ng2 {[%clk 0:56:26]}  Re8 {[%clk 1:15:22]} 15. Ne3 {[%clk 0:47:23]}  Nf8 {[%clk 1:02:15]} 16. Bd2 {[%clk 0:44:01]}  Qd7 {[%clk 1:00:08]} 17. Qf3 {[%clk 0:37:22]}  Rad8 {[%clk 0:59:20]} 18. Ng4 {[%clk 0:34:15]}  f5 {[%clk 0:54:35]} 19. Nh6+ {[%clk 0:30:48]}  Bxh6 {[%clk 0:52:54]} 20. Bxh6 {[%clk 0:31:03]}  Re4 {[%clk 0:53:02]} 21. Qd3 {[%clk 0:25:00]}  Ne6 {[%clk 0:51:52]} 22. f3 {[%clk 0:24:12]}  Rxe1+ {[%clk 0:52:07]} 23. Rxe1 {[%clk 0:24:40]}  f6 {[%clk 0:52:00]} 24. b3 {[%clk 0:21:30]}  Kf7 {[%clk 0:49:45]} 25. Bd2 {[%clk 0:20:48]}  Re8 {[%clk 0:47:24]} 26. Kf2 {[%clk 0:19:42]}  b5 {[%clk 0:42:04]} 27. Ra1 {[%clk 0:18:14]}  Rb8 {[%clk 0:41:32]} 28. Re1 {[%clk 0:17:23]}  Re8 {[%clk 0:40:23]} 29. Ra1 {[%clk 0:17:48]}  Rb8 {[%clk 0:40:48]} 30. Re1 {[%clk 0:18:11]}  Re8 {[%clk 0:41:15]} 1/2-1/2

[Event "45th FIDE Chess Olympiad Open"]
[Site "Budapest, Hungary"]
[Date "2024.09.21"]
[Round "10"]
[White "Le, Tuan Minh"]
[Black "Pichot, Alan"]
[Result "1/2-1/2"]
[Board "35"]
[WhiteFideId "12401153"]
[BlackFideId "110973"]
[WhiteTitle "GM"]
[BlackTitle "GM"]
[WhiteElo "2564"]
[BlackElo "2628"]
[WhiteTeam "Vietnam"]
[BlackTeam "Spain"]
[WhiteClock "0:08:13"]
[BlackClock "0:03:29"]
[Variant "Standard"]

1. d4 {[%clk 1:30:54]}  Nf6 {[%clk 1:30:25]} 2. c4 {[%clk 1:31:20]}  e6 {[%clk 1:30:43]} 3. Nc3 {[%clk 1:31:42]}  Bb4 {[%clk 1:30:58]} 4. Nf3 {[%clk 1:32:04]}  O-O {[%clk 1:29:43]} 5. Bg5 {[%clk 1:31:17]}  d5 {[%clk 1:21:57]} 6. e3 {[%clk 1:25:40]}  c5 {[%clk 1:19:28]} 7. dxc5 {[%clk 1:21:01]}  Nbd7 {[%clk 1:15:12]} 8. Rc1 {[%clk 1:11:19]}  Nxc5 {[%clk 1:12:49]} 9. cxd5 {[%clk 1:08:25]}  Qxd5 {[%clk 1:10:31]} 10. Bxf6 {[%clk 1:02:56]}  Qxd1+ {[%clk 1:10:49]} 11. Kxd1 {[%clk 1:03:07]}  gxf6 {[%clk 1:11:11]} 12. Bc4 {[%clk 1:03:23]}  Bd7 {[%clk 1:05:46]} 13. Ke2 {[%clk 0:54:35]}  Rac8 {[%clk 0:58:13]} 14. Nb5 {[%clk 0:33:28]}  a6 {[%clk 0:52:28]} 15. Nd6 {[%clk 0:30:42]}  Rc6 {[%clk 0:40:52]} 16. Rhd1 {[%clk 0:29:53]}  b5 {[%clk 0:38:49]} 17. Nxb5 {[%clk 0:27:21]}  axb5 {[%clk 0:38:51]} 18. Bxb5 {[%clk 0:27:42]}  Rc7 {[%clk 0:38:07]} 19. Rxd7 {[%clk 0:26:09]}  Rxd7 {[%clk 0:38:11]} 20. Rxc5 {[%clk 0:26:33]}  Rb7 {[%clk 0:27:32]} 21. Rh5 {[%clk 0:26:51]}  f5 {[%clk 0:23:24]} 22. a4 {[%clk 0:20:58]}  Rc8 {[%clk 0:21:48]} 23. Nd4 {[%clk 0:19:35]}  Be7 {[%clk 0:18:38]} 24. b3 {[%clk 0:18:57]}  Rc1 {[%clk 0:16:27]} 25. h3 {[%clk 0:15:57]}  Bf6 {[%clk 0:10:21]} 26. g4 {[%clk 0:14:37]}  fxg4 {[%clk 0:05:14]} 27. hxg4 {[%clk 0:15:04]}  Bxd4 {[%clk 0:05:01]} 28. exd4 {[%clk 0:15:30]}  Rc2+ {[%clk 0:05:21]} 29. Kd3 {[%clk 0:01:01]}  Rxf2 {[%clk 0:05:13]} 30. a5 {[%clk 0:00:44]}  f5 {[%clk 0:02:17]} 31. Bc4 {[%clk 0:00:56]}  fxg4 {[%clk 0:02:30]} 32. Rg5+ {[%clk 0:00:33]}  Kf7 {[%clk 0:02:03]} 33. a6 {[%clk 0:00:54]}  Rd7 {[%clk 0:01:16]} 34. Rxg4 {[%clk 0:00:56]}  Kf6 {[%clk 0:00:45]} 35. b4 {[%clk 0:01:06]}  Rf3+ {[%clk 0:00:55]} 36. Kd2 {[%clk 0:00:52]}  Kf5 {[%clk 0:00:33]} 37. Rh4 {[%clk 0:00:47]}  Kg5 {[%clk 0:00:40]} 38. Re4 {[%clk 0:01:05]}  Rc7 {[%clk 0:00:32]} 39. Bd3 {[%clk 0:01:01]}  Rf2+ {[%clk 0:00:33]} 40. Re2 {[%clk 0:00:49]}  Rf4 {[%clk 0:00:33]} 41. Be4 {[%clk 0:26:27]}  Rf1 {[%clk 0:21:54]} 42. Bb7 {[%clk 0:24:42]}  Ra1 {[%clk 0:19:33]} 43. Kd3 {[%clk 0:16:18]}  Ra3+ {[%clk 0:12:46]} 44. Ke4 {[%clk 0:14:15]}  Rc4 {[%clk 0:12:24]} 45. b5 {[%clk 0:13:29]}  Rb4 {[%clk 0:11:48]} 46. Bc6 {[%clk 0:13:06]}  Kf6 {[%clk 0:11:46]} 47. Rf2+ {[%clk 0:13:20]}  Ke7 {[%clk 0:06:27]} 48. Rh2 {[%clk 0:13:35]}  Rb1 {[%clk 0:02:23]} 49. Rxh7+ {[%clk 0:12:37]}  Kf6 {[%clk 0:02:44]} 50. Rh6+ {[%clk 0:10:38]}  Ke7 {[%clk 0:02:53]} 51. a7 {[%clk 0:07:20]}  Re1+ {[%clk 0:03:00]} 52. Kf4 {[%clk 0:07:47]}  Rf1+ {[%clk 0:03:14]} 53. Kg4 {[%clk 0:08:13]}  Rxa7 {[%clk 0:03:29]} 1/2-1/2